00565nam a22001817a 450000500170000000800410001702000180005804000210007604100080009708200170010524500920012225000120021426000490022630000100027565000350028570000300032070000330035020240522080221.0240520b |||||||| |||| 00| 0 eng d a9789390717484 aIN-DiNCcIN-DiNC dben a891.444bPRA aPrabahaman Bangla sahitya o sanskriti/ced. by Prabhakar Mandal and Arindrajit Banerjee a1st ed. aKolkata:bJoyjit Mukhopadhaya, Sopan,c2021. a504p. aBengali literature and culture aMandal, PrabhakareEditor aBanerjee, ArindrajiteEditor